| 000 | 00435nam a2200145Ia 4500 | ||
|---|---|---|---|
| 008 | 210716s2003 xx 000 0 und d | ||
| 020 | _a0471336282 | ||
| 041 | _aeng | ||
| 082 | _a658.16 NEWG | ||
| 100 | _aNewton, Grant W. | ||
| 245 |
_aCorporate bankruptcy: tools, strategies and alternatives. _bTools, strategies and alternatives. |
||
| 260 |
_aNew York _bJohn Wiley & sons _c2003 |
||
| 300 | _aVIII, | ||
| 650 | _aCorporate Finance | ||
| 999 |
_c206300 _d206300 |
||